Introduction to robotics : Mechanics and control /

Gespeichert in:
Bibliographische Detailangaben
1. Verfasser: Craig, John J (Verfasst von)
Format: Buch
Sprache:Englisch
Veröffentlicht: Reading : Addison-Wesley Publishing Company, 1989
Ausgabe:1.vyd.
Tags: Tag hinzufügen
Keine Tags, Fügen Sie das erste Tag hinzu!

MARC

LEADER 00000nam a22000003a 4500
001 stu8042
005 20150617225806.4
008 950929s1989----xxu-----------------eng-d
020 |a 0-201-09528-9 
040 |a STU  |b slo 
041 0 |a eng 
044 |a xxu 
080 |a 681.52/.54 
080 |a 681.518 
080 |a 681.322.06 
100 1 |a Craig, John J  |4 aut 
245 1 |a Introduction to robotics :  |b Mechanics and control /  |c [aut.] Craig,John J 
250 |a 1.vyd. 
260 |a Reading :  |b Addison-Wesley Publishing Company,  |c 1989 
300 |a 450 s 
996 |b E80100  |c E*80100  |l EE09  |s P  |a 0  |w stu8042_0001 
996 |b E80076  |c E*80076  |l EE09  |s P  |a 0  |w stu8042_0002